000
00308nam a22001337a 4500
008
170606b xxu||||| |||| 00| 0 eng d
020
_a
32
041
_a
eng
080
_a
327
100
_a
18
101
_a
SHP
245
_a
THE POLITICS OF HUMAN RIGHT THE FOR DIGNITY
_c
GIBNEY.M
942
_2
udc
_c
BK
999
_c
16195
_d
16195